000 00331nam a22001097a 4500
999 _c24807
_d24807
003 Nust
005 20170516111136.0
008 150424b xxu||||| |||| 00| 0 eng d
020 _a978-93-325-1590-1
_cAvailable
040 _aDLC
_bDLC
_cRCMS
082 _23rd,ed.
_a004.6 BEA
100 _gCD -ROM includes
_aBeasley Jaffrey S.
_9211
245 _aNetworking Essentials
260 _aIndia
_bDorling Kindersley Pvt Ltd
_c2013
300 _axxvii,535,p:
_bill:
_c27,cm.
538 _iShelf # 15, Row # 6, Communication.
650 _aNetworking
_9212
856 _3Table of Content Only
942 _2ddc
_cBK
_e3rd,ed.
_h004.6 BEA